Detalles MARC
| 000 -LÍDER |
| Campo fijo de descripción fija |
017800000a22003850004500 |
| 001 - NÚMERO DE CONTROL |
| Campo de control |
18870 |
| 003 - IDENTIFICADOR DEL NÚMERO DE CONTROL |
| Campo de control |
CO-MdFUSB |
| 005 - FECHA Y HORA DE LA ULTIMA TRANSACCIÓN |
| control field |
20180622170745.0 |
| 008 - ELEMENTOS DE LONGITUD FIJA -- INFORMACIÓN GENERAL |
| Campo fijo de descripción fija -- Información general |
170918s2007 ck ||||| |||| 00| 0 spa d |
| 020 ## - NÚMERO INTERNACIONAL NORMALIZADO PARA LIBROS |
| Número Internacional Normalizado del libro |
9789586965866 |
| 040 ## - FUENTE DE CATALOGACIÓN |
| Agencia de catalogación original |
CO-MdFUSB |
| Idioma de catalogación |
spa |
| Agencia que realiza la transcripción |
CO-MdFUSB |
| Agencia que realiza la modificación |
CO-MdFUSBC |
| Convenciones de la descripción |
rda |
| 041 0# - CÓDIGO DE IDIOMA |
| Código de idioma para texto/pista de sonido o título separado |
spa |
| 082 ## - NÚMERO DE CLASIFICACIÓN DECIMAL DEWEY |
| Número de la edición del Dewey |
23 |
| Número de clasificación |
G 362.5 |
| Clave de autor-Numero de item |
OT88 |
| 245 00 - TÍTULO |
| Título del Material |
La otra ciudad y el habitante de calle |
| Mención de responsabilidad, etc. |
/ Marta Elene Correa , Lina Marcela Gonzáles , Gloria Montoya , Marta Aída Palacio , Antonio Pareja , Johanna Zapata |
| Parte restante del título - Subtitulo |
: |
| 264 #1 - PRODUCCIÓN, PUBLICACIÓN, DISTRIBUCIÓN, MANUFACTURA, Y COPYRIGHT |
| Lugar de producción, publicación, distribución, manufactura |
Medellín : |
| Nombre del productor, publicador, distribuidor |
Universidad Pontificia Bolivariana, |
| Fecha de producción, publicación, distribución, manufactura, o copyright |
2007 |
| 300 ## - DESCRIPCIÓN FÍSICA |
| Extensión |
140 páginas |
| Dimensiones |
: 25 cm. |
| Otros detalles físicos |
: |
| 336 ## - TIPO DE CONTENIDO |
| Fuente |
rdacontent |
| Término de tipo de contenido |
|
| Código de tipo de contenido |
|
| 337 ## - TIPO DE MEDIO |
| Fuente |
rdamedia |
| Nombre del tipo de medio |
|
| Código del tipo de medio |
|
| 338 ## - TIPO DE SOPORTE |
| Fuente |
rdacarrier |
| Nombre del tipo de soporte |
|
| Código Tipo de soporte |
|
| 501 ## - NOTA DE “CON” |
| Nota de Contenido |
rústico |
| 504 ## - NOTA DE BIBLIOGRAFÍA, ETC. |
| Nota de bibliografía, etc |
Bibliografía. Páginas. 137-140 |
| 505 01 - NOTA DE CONTENIDO |
| Nota de contenido con formato preestablecido |
Introducción -- Posturas teóricas frente a la condición de habitante de calle -- Otras investigaciones acerca del habitante de calle -- Habitantes de calle en centro occidente de Medellín -- Habitantes de calle: hábitats móviles y territorialidad itinerante -- Los habitantes de calle, sus redes sociales e institucionales para la obtención de bienes primarios y servicios básicos -- Familia y habitante de calle: significado y construcciones -- conclusiones. |
| 563 ## - NOTA DE ENCUADERNACIÓN |
| Nota de encuadernación |
Rústico. |
| 650 #0 - ASIENTO SECUNDARIO DE MATERIA - TERMINO TEMÁTICO |
| 9 (RLIN) |
946 |
| Término temático o nombre geográfico como elemento de entrada |
Problemas sociales |
| 653 ## - TÉRMINO DE INDIZACIÓN - NO CONTROLADO |
| Término no controlado |
Pobreza -- Medellín |
| 653 ## - TÉRMINO DE INDIZACIÓN - NO CONTROLADO |
| Término no controlado |
Habitante de Calle |
| 720 2# - ASIENTO SECUNDARIO - NOMBRE NO CONTROLADO |
| Nombre |
Alcaldía de Medellín |
| 720 1# - ASIENTO SECUNDARIO - NOMBRE NO CONTROLADO |
| Nombre |
Correa A., Marta Elena |
| Término de relación |
Investigador |
| 720 ## - ASIENTO SECUNDARIO - NOMBRE NO CONTROLADO |
| Nombre |
González C., Lina Marcela |
| Término de relación |
investigador |
| 720 ## - ASIENTO SECUNDARIO - NOMBRE NO CONTROLADO |
| Nombre |
Montoya C., Gloria |
| Término de relación |
Investigador |
| 720 ## - ASIENTO SECUNDARIO - NOMBRE NO CONTROLADO |
| Nombre |
Palacio C., Marta Aída |
| Término de relación |
Investigador |
| 720 ## - ASIENTO SECUNDARIO - NOMBRE NO CONTROLADO |
| Nombre |
Pareja A., Antonio |
| Término de relación |
Investigador |
| 720 ## - ASIENTO SECUNDARIO - NOMBRE NO CONTROLADO |
| Nombre |
Zapata P., Johanna |
| Término de relación |
Investigador |
| 942 ## - TIPO DE MATERIAL (KOHA) |
| Tipo de Item KOHA |
Libros General |